[Event "4NCL/Div3/BRI2 vs. KHE"]
[Site "Birmingham ENG"]
[Date "2006.04.29"]
[Round "9.1"]
[White "Amarawickrama, Himanshu A"]
[Black "McMichael, Richard"]
[Result "0-1"]
[WhiteElo "2205"]
[BlackElo "2272"]
[PlyCount "35"]
[EventDate "2006.04.29"]
[EventType "team"]
[EventRounds "11"]
[EventCountry "ENG"]
[SourceDate "2006.04.29"]
[WhiteTeam "Bristol 2"]
[BlackTeam "Kings Head"]

1. d4 Nf6 2. c4 e5 3. dxe5 Ng4 4. Nf3 Bc5 5. e3 Nc6 6. Be2 O-O 7. O-O Ngxe5 8.
a3 a5 9. b3 d6 10. Bb2 f5 11. Qd5+ Nf7 12. Nc3 Qe7 13. Qd2 Be6 14. Nd5 Bxd5 15.
cxd5 Nce5 16. Nd4 Ng5 17. Bd3 Bxd4 18. f4 0-1

[Event "4NCL/Div3/BRI2 vs. KHE"]
[Site "Birmingham ENG"]
[Date "2006.04.29"]
[Round "9.2"]
[White "Khantuev, Alexander"]
[Black "Lam, Paul G M"]
[Result "0-1"]
[WhiteElo "2286"]
[BlackElo "2070"]
[PlyCount "94"]
[EventDate "2006.04.29"]
[EventType "team"]
[EventRounds "11"]
[EventCountry "ENG"]
[SourceDate "2006.04.29"]
[WhiteTeam "Kings Head"]
[BlackTeam "Bristol 2"]

1. e4 Nf6 2. e5 Nd5 3. d4 d6 4. c4 Nb6 5. exd6 exd6 6. Nc3 Be7 7. Bd3 Nc6 8.
Nge2 O-O 9. h3 Bf6 10. O-O g6 11. Be3 Ne7 12. d5 Nf5 13. Bxf5 Bxf5 14. Ng3 Bxc3
15. bxc3 Qf6 16. Bd4 Qg5 17. h4 Qg4 18. Re1 Rfe8 19. Qd2 Nxc4 20. Qh6 Ne5 21.
Re3 f6 22. Rae1 Rf8 23. R3e2 Bd3 24. Rd2 Ba6 25. Re4 Qd7 26. Rd1 Bd3 27. Rxd3
Nxd3 28. h5 Qg7 29. Qe3 Ne5 30. f4 Ng4 31. Qe2 Nh6 32. Re6 Nf5 33. Nxf5 gxf5
34. Re7 Rf7 35. Qe6 Kf8 36. h6 Qg6 37. Rxf7+ Qxf7 38. Qxf5 Re8 39. Bxf6 Kg8 40.
g4 Re1+ 41. Kf2 Re8 42. g5 Qh5 43. Qb1 Qh2+ 44. Kf3 Qe2+ 45. Kg3 Re3+ 46. Kh4
Qh2+ 47. Kg4 Qh3# 0-1

[Event "4NCL/Div3/BRI2 vs. KHE"]
[Site "Birmingham ENG"]
[Date "2006.04.29"]
[Round "9.3"]
[White "Timmins, Chris P"]
[Black "Whiteley, Andrew"]
[Result "0-1"]
[WhiteElo "2105"]
[BlackElo "2228"]
[PlyCount "64"]
[EventDate "2006.04.29"]
[EventType "team"]
[EventRounds "11"]
[EventCountry "ENG"]
[SourceDate "2006.04.29"]
[WhiteTeam "Bristol 2"]
[BlackTeam "Kings Head"]

1. e4 e6 2. d4 d5 3. Nc3 Bb4 4. a3 Bxc3+ 5. bxc3 dxe4 6. f3 Nd7 7. Nh3 exf3 8.
Qxf3 Qf6 9. Qg3 Qg6 10. Qxc7 Qxc2 11. Nf4 Qe4+ 12. Be2 Qc6 13. Qa5 b6 14. Qb4
Bb7 15. Bf3 Qc7 16. Bxb7 Qxb7 17. O-O Ngf6 18. a4 a5 19. Qa3 Rc8 20. Bb2 Ne4
21. Rad1 Ndf6 22. Rfe1 Qd7 23. Qb3 Qd6 24. Nd3 Qd5 25. Qxb6 O-O 26. Ba3 Rb8 27.
Qa6 Rfc8 28. Nc5 Nxc3 29. Rd3 Ra8 30. Qb6 Nd7 31. Nxd7 Qxd7 32. Rc1 Ne2+ 0-1

[Event "4NCL/Div3/BRI2 vs. KHE"]
[Site "Birmingham ENG"]
[Date "2006.04.29"]
[Round "9.4"]
[White "Kwiatkowski, Feliks J"]
[Black "Humphreys, Jerry"]
[Result "1-0"]
[WhiteElo "2227"]
[BlackElo "2102"]
[PlyCount "33"]
[EventDate "2006.04.29"]
[EventType "team"]
[EventRounds "11"]
[EventCountry "ENG"]
[SourceDate "2006.04.29"]
[WhiteTeam "Kings Head"]
[BlackTeam "Bristol 2"]

1. e4 c5 2. Nf3 e6 3. d4 cxd4 4. Nxd4 Nf6 5. Nc3 d6 6. Be2 Be7 7. O-O a6 8. f4
Nc6 9. Kh1 Qc7 10. Be3 O-O 11. Qe1 Bd7 12. Qg3 b5 13. a3 Rac8 14. Rad1 Na5 15.
e5 Ne8 16. Nf5 Bc6 17. Bb6 1-0

[Event "4NCL/Div3/BRI2 vs. KHE"]
[Site "Birmingham ENG"]
[Date "2006.04.29"]
[Round "9.5"]
[White "Easton, Alex"]
[Black "Thomas, Richard H"]
[Result "1/2-1/2"]
[WhiteElo "2100"]
[BlackElo "2219"]
[PlyCount "55"]
[EventDate "2006.04.29"]
[EventType "team"]
[EventRounds "11"]
[EventCountry "ENG"]
[SourceDate "2006.04.29"]
[WhiteTeam "Bristol 2"]
[BlackTeam "Kings Head"]

1. Nf3 g6 2. c4 Bg7 3. d4 d6 4. e4 Nc6 5. d5 Ne5 6. Nxe5 dxe5 7. Nc3 e6 8. Be2
Ne7 9. O-O O-O 10. Qb3 exd5 11. cxd5 c6 12. Bg5 h6 13. Bxe7 Qxe7 14. Rfd1 Rd8
15. dxc6 Rxd1+ 16. Rxd1 bxc6 17. Bc4 Bf8 18. Rd3 Kg7 19. Rf3 f6 20. h3 Qb4 21.
Rd3 Qxb3 22. Bxb3 Be7 23. Ba4 Rb8 24. b3 Rb6 25. Nb1 Kf7 26. Nd2 Be6 27. Kf1
Bb4 28. Nc4 1/2-1/2

[Event "4NCL/Div3/BRI2 vs. KHE"]
[Site "Birmingham ENG"]
[Date "2006.04.29"]
[Round "9.6"]
[White "Wittmann, Jochen"]
[Black "Boyce, G Michael"]
[Result "0-1"]
[WhiteElo "2225"]
[BlackElo "2058"]
[PlyCount "82"]
[EventDate "2006.04.29"]
[EventType "team"]
[EventRounds "11"]
[EventCountry "ENG"]
[SourceDate "2006.04.29"]
[WhiteTeam "Kings Head"]
[BlackTeam "Bristol 2"]

1. e4 c5 2. Nc3 e6 3. g3 d5 4. exd5 exd5 5. Bg2 Nf6 6. Nge2 d4 7. Ne4 Nxe4 8.
Bxe4 Nd7 9. c3 Nf6 10. Bg2 d3 11. Nf4 g5 12. Nh5 Qe7+ 13. Kf1 Qe2+ 14. Qxe2+
dxe2+ 15. Kxe2 Nxh5 16. Re1 Be7 17. Kf1 Kd8 18. d4 cxd4 19. cxd4 Rb8 20. Bd2
Bd7 21. a4 Rg8 22. Bd5 Rg7 23. Bg2 Bd6 24. Bc3 f5 25. a5 Re7 26. Rec1 f4 27. d5
fxg3 28. hxg3 Rc8 29. a6 bxa6 30. Kg1 Bc5 31. Bf1 Rf7 32. Be1 Bd4 33. Bxa6 Rxc1
34. Rxc1 Nxg3 35. Ba5+ Ke8 36. Kg2 Nf5 37. Be2 Nh4+ 38. Kh1 Rxf2 39. Bh5+ Ke7
40. d6+ Kxd6 41. Bb4+ Kd5 0-1

[Event "4NCL/Div3/BRI2 vs. KHE"]
[Site "Birmingham ENG"]
[Date "2006.04.29"]
[Round "9.7"]
[White "Farnan, Stuart A"]
[Black "Lewis, Alex"]
[Result "1-0"]
[WhiteElo "2035"]
[BlackElo "2145"]
[PlyCount "67"]
[EventDate "2006.04.29"]
[EventType "team"]
[EventRounds "11"]
[EventCountry "ENG"]
[SourceDate "2006.04.29"]
[WhiteTeam "Bristol 2"]
[BlackTeam "Kings Head"]

1. d4 Nf6 2. c4 g6 3. Nc3 Bg7 4. e4 d6 5. f3 O-O 6. Be3 b6 7. Bd3 a6 8. Nge2 c5
9. Qd2 Nc6 10. O-O-O Bd7 11. h4 cxd4 12. Nxd4 Nxd4 13. Bxd4 b5 14. h5 bxc4 15.
Bxc4 Qc7 16. Bb3 Be6 17. Bxe6 fxe6 18. hxg6 hxg6 19. Qg5 Kf7 20. e5 Ng8 21.
exd6 exd6 22. Qf4+ Ke8 23. Qg4 Bxd4 24. Qxe6+ Ne7 25. Rxd4 Qc5 26. Rxd6 Ra7 27.
Rhd1 Qg5+ 28. R1d2 Ra8 29. Nd5 Rc8+ 30. Kd1 Rf7 31. Nc7+ Kf8 32. Qxc8+ Nxc8 33.
Ne6+ Ke7 34. Nxg5 1-0

[Event "4NCL/Div3/HKFC vs. PPA1"]
[Site "Birmingham ENG"]
[Date "2006.04.29"]
[Round "9.1"]
[White "Fowler, Simon"]
[Black "Swanson, Stephen"]
[Result "1/2-1/2"]
[WhiteElo "2201"]
[BlackElo "2270"]
[PlyCount "55"]
[EventDate "2006.04.29"]
[EventType "team"]
[EventRounds "11"]
[EventCountry "ENG"]
[SourceDate "2006.04.29"]
[WhiteTeam "H Coventry"]
[BlackTeam "Poisnd Pawns 1"]

1. d4 d6 2. e4 Nf6 3. Nc3 e5 4. Nf3 Nbd7 5. Bc4 Be7 6. Ng5 O-O 7. Bxf7+ Rxf7 8.
Ne6 Qe8 9. Nxc7 Qd8 10. Nxa8 b5 11. O-O Bb7 12. Nxb5 Bxa8 13. d5 Nxe4 14. Nxa7
Nb6 15. f3 Nf6 16. Nc6 Bxc6 17. dxc6 d5 18. Qe2 Bd6 19. Bg5 Qc7 20. Qb5 e4 21.
fxe4 Nxe4 22. Rxf7 Qxf7 23. Rf1 Qh5 24. Bf4 Bc5+ 25. Kh1 Nf2+ 26. Kg1 Ne4+ 27.
Kh1 Nf2+ 28. Kg1 1/2-1/2

[Event "4NCL/Div3/HKFC vs. PPA1"]
[Site "Birmingham ENG"]
[Date "2006.04.29"]
[Round "9.2"]
[White "Harley, Andrew"]
[Black "Tavoularis, Nicholas"]
[Result "1/2-1/2"]
[WhiteElo "2239"]
[BlackElo "2193"]
[PlyCount "80"]
[EventDate "2006.04.29"]
[EventType "team"]
[EventRounds "11"]
[EventCountry "ENG"]
[SourceDate "2006.04.29"]
[WhiteTeam "Poisnd Pawns 1"]
[BlackTeam "H Coventry"]

1. e4 c5 2. c3 Nf6 3. e5 Nd5 4. Bc4 Nb6 5. Bb3 Nc6 6. Nf3 d5 7. exd6 Qxd6 8.
Na3 Bf5 9. d4 cxd4 10. Nb5 Qd7 11. Nfxd4 Nxd4 12. Nxd4 Be4 13. O-O Bd5 14. Qe2
e6 15. Rd1 O-O-O 16. c4 Bc6 17. Bg5 Qxd4 18. Bxd8 Qf4 19. Bxb6 axb6 20. Qd2 Qf6
21. Bc2 Be7 22. b4 Rd8 23. Qe1 Rxd1 24. Rxd1 Qg5 25. Be4 Bxe4 26. Qxe4 Bxb4 27.
Qxh7 Qf6 28. Qg8+ Kc7 29. Qe8 Bd6 30. g3 g5 31. Qa4 g4 32. Qb3 Bc5 33. Rd2 Qe5
34. Qd3 Kb8 35. Kg2 Qh5 36. Re2 e5 37. Qd8+ Ka7 38. Qc7 Bd4 39. a4 Qf5 40. Kg1
Qf3 1/2-1/2

[Event "4NCL/Div3/HKFC vs. PPA1"]
[Site "Birmingham ENG"]
[Date "2006.04.29"]
[Round "9.3"]
[White "Hagesaether, Arne"]
[Black "Moore, Gerald"]
[Result "0-1"]
[WhiteElo "2182"]
[BlackElo "2240"]
[PlyCount "54"]
[EventDate "2006.04.29"]
[EventType "team"]
[EventRounds "11"]
[EventCountry "ENG"]
[SourceDate "2006.04.29"]
[WhiteTeam "H Coventry"]
[BlackTeam "Poisnd Pawns 1"]

1. e4 c5 2. Nf3 e6 3. d4 cxd4 4. Nxd4 Nc6 5. Nc3 d6 6. Be3 Nf6 7. Be2 Be7 8. g4
O-O 9. g5 Nd7 10. h4 a6 11. Nxc6 bxc6 12. Qd2 Rb8 13. Na4 d5 14. h5 Rb4 15.
exd5 cxd5 16. b3 e5 17. c3 Rb8 18. Rg1 d4 19. cxd4 Bb4 20. Nc3 Qa5 21. Rc1 Nb6
22. Bc4 Nxc4 23. bxc4 exd4 24. Bxd4 Re8+ 25. Kd1 Bf5 26. Rg3 Bxc3 27. Rgxc3
Qa4+ 0-1

[Event "4NCL/Div3/HKFC vs. PPA1"]
[Site "Birmingham ENG"]
[Date "2006.04.29"]
[Round "9.4"]
[White "Byway, Paul"]
[Black "Forman, Karl L"]
[Result "1/2-1/2"]
[WhiteElo "2212"]
[BlackElo "2026"]
[PlyCount "30"]
[EventDate "2006.04.29"]
[EventType "team"]
[EventRounds "11"]
[EventCountry "ENG"]
[SourceDate "2006.04.29"]
[WhiteTeam "Poisnd Pawns 1"]
[BlackTeam "H Coventry"]

1. d4 Nf6 2. Bf4 g6 3. e3 Bg7 4. c4 O-O 5. Nc3 d5 6. Nf3 c5 7. dxc5 Qa5 8. Qa4
Qxc5 9. b4 Qc6 10. b5 Qc5 11. Qb3 Bg4 12. Rc1 Nbd7 13. Na4 dxc4 14. Bxc4 Qh5
15. Nd2 Ne5 1/2-1/2

[Event "4NCL/Div3/HKFC vs. PPA1"]
[Site "Birmingham ENG"]
[Date "2006.04.29"]
[Round "9.5"]
[White "Stinton-Brownbridge, Michael"]
[Black "Dunn, Andrew"]
[Result "0-1"]
[WhiteElo "2000"]
[BlackElo "2197"]
[PlyCount "118"]
[EventDate "2006.04.29"]
[EventType "team"]
[EventRounds "11"]
[EventCountry "ENG"]
[SourceDate "2006.04.29"]
[WhiteTeam "H Coventry"]
[BlackTeam "Poisnd Pawns 1"]

1. d4 d5 2. c4 c6 3. Nf3 Nf6 4. Nc3 a6 5. e3 Bg4 6. b3 Nbd7 7. Be2 e6 8. O-O
Bd6 9. Bb2 O-O 10. Qc2 Bf5 11. Bd3 Bxd3 12. Qxd3 Re8 13. Rac1 dxc4 14. bxc4 e5
15. Nd2 Qe7 16. f3 Rad8 17. Nce4 exd4 18. Nxd6 Qxd6 19. exd4 Qf4 20. Rfe1 Qh4
21. Ne4 Nxe4 22. Rxe4 Rxe4 23. Qxe4 Qxe4 24. fxe4 Re8 25. Re1 c5 26. Kf2 Nb6
27. dxc5 Nxc4 28. Bc3 Ne5 29. Bxe5 Rxe5 30. Rb1 Rxc5 31. Rxb7 g6 32. Rb2 Rc3
33. Re2 Kf8 34. Re3 Rc2+ 35. Re2 Rc4 36. Kf3 a5 37. Kf4 f6 38. g4 Ke7 39. Rb2
g5+ 40. Ke3 Ra4 41. Rb7+ Ke6 42. Rb6+ Kf7 43. Rb7+ Kg6 44. Rb2 h5 45. gxh5+
Kxh5 46. Kd3 g4 47. Ke3 Ra3+ 48. Kd4 Kh4 49. Rf2 Kh3 50. Kd5 Rd3+ 51. Ke6 Re3
52. Kd5 Rf3 53. Re2 a4 54. Ke6 a3 55. e5 fxe5 56. Kxe5 Rf1 57. Ke4 Rb1 58. Kf4
Rb4+ 59. Ke3 Rb2 0-1

[Event "4NCL/Div3/HKFC vs. PPA1"]
[Site "Birmingham ENG"]
[Date "2006.04.29"]
[Round "9.6"]
[White "Toothill, John"]
[Black "Goodwin, Ed"]
[Result "1-0"]
[WhiteElo "2174"]
[BlackElo "2005"]
[PlyCount "71"]
[EventDate "2006.04.29"]
[EventType "team"]
[EventRounds "11"]
[EventCountry "ENG"]
[SourceDate "2006.04.29"]
[WhiteTeam "Poisnd Pawns 1"]
[BlackTeam "H Coventry"]

1. e4 e6 2. d4 d5 3. Nd2 c5 4. Ngf3 a6 5. exd5 exd5 6. dxc5 Bxc5 7. Nb3 Ba7 8.
Bd3 Ne7 9. O-O O-O 10. c3 Nbc6 11. Qc2 h6 12. Bf4 Bg4 13. Ne5 Nxe5 14. Bxe5 Nc6
15. Bg3 Qf6 16. h3 Bh5 17. Rae1 Rfe8 18. Qd2 d4 19. c4 Bg6 20. Nc1 a5 21. Bxg6
Qxg6 22. Nd3 Rac8 23. b3 Re6 24. Nf4 Qg5 25. h4 Qg4 26. Nxe6 fxe6 27. Qf4 Qxf4
28. Bxf4 Nb4 29. Rxe6 d3 30. Rfe1 Bd4 31. Re8+ Rxe8 32. Rxe8+ Kf7 33. Rd8 Nc6
34. Rd5 Bf6 35. Rxd3 Bxh4 36. Rd7+ 1-0

[Event "4NCL/Div3/HKFC vs. PPA1"]
[Site "Birmingham ENG"]
[Date "2006.04.29"]
[Round "9.7"]
[White "Hogarth, Mark J"]
[Black "Rosen, Daniel B"]
[Result "1-0"]
[WhiteElo "1919"]
[BlackElo "2144"]
[PlyCount "57"]
[EventDate "2006.04.29"]
[EventType "team"]
[EventRounds "11"]
[EventCountry "ENG"]
[SourceDate "2006.04.29"]
[WhiteTeam "H Coventry"]
[BlackTeam "Poisnd Pawns 1"]

1. e4 g6 2. f4 Bg7 3. Nf3 d6 4. Bc4 Nf6 5. Nc3 O-O 6. d3 Bg4 7. O-O Nc6 8. h3
Bxf3 9. Qxf3 Nd7 10. Ne2 Na5 11. Bb3 Nxb3 12. axb3 c6 13. f5 d5 14. c3 Ne5 15.
Qg3 dxe4 16. dxe4 Qb6+ 17. Nd4 c5 18. Ne2 Qxb3 19. Nf4 Nc6 20. Nd5 e6 21. Ne3
exf5 22. exf5 Be5 23. Qh4 Rad8 24. Ng4 Rd1 25. Bh6 Rxa1 26. Rxa1 Rd8 27. Nxe5
Rd1+ 28. Kh2 Rxa1 29. Qf6 1-0

[Event "4NCL/Div3/HKFC vs. PPA1"]
[Site "Birmingham ENG"]
[Date "2006.04.29"]
[Round "9.8"]
[White "Salimbeni, George PW"]
[Black "Dale, Hannah"]
[Result "1-0"]
[WhiteElo "1710"]
[BlackElo "1835"]
[PlyCount "85"]
[EventDate "2006.04.29"]
[EventType "team"]
[EventRounds "11"]
[EventCountry "ENG"]
[SourceDate "2006.04.29"]
[WhiteTeam "Poisnd Pawns 1"]
[BlackTeam "H Coventry"]

1. e4 c5 2. c3 d5 3. exd5 Qxd5 4. d4 Nc6 5. Nf3 Bg4 6. Be2 Nf6 7. h3 Bh5 8. Be3
cxd4 9. cxd4 e6 10. Nc3 Bb4 11. O-O Qd8 12. Qb3 O-O 13. Rfd1 Bxc3 14. bxc3 Qc7
15. Rac1 Rfd8 16. c4 b6 17. Qa4 Ne7 18. Bd2 Rac8 19. c5 Nc6 20. Bg5 Bxf3 21.
Bxf3 Ne7 22. cxb6 Qxb6 23. Rb1 Qc7 24. Rb7 Qd6 25. Rxa7 Nc6 26. Ra6 Qb8 27.
Rxc6 Rxc6 28. Bxc6 Qb2 29. Bxf6 gxf6 30. Qb3 Qe2 31. Bf3 Qa6 32. a4 Qa5 33. d5
e5 34. d6 Qa6 35. Qb5 Rxd6 36. Qb8+ Kg7 37. Qxd6 Qxa4 38. Qd7 Qh4 39. Qg4+ Qxg4
40. Bxg4 Kg6 41. Rd7 f5 42. Be2 e4 43. Bc4 1-0

[Event "4NCL/Div3/SWD2 vs. SLOS2"]
[Site "Birmingham ENG"]
[Date "2006.04.29"]
[Round "9.1"]
[White "Trevelyan, John"]
[Black "Rees, Ioan"]
[Result "1-0"]
[WhiteElo "2190"]
[BlackElo "2241"]
[PlyCount "79"]
[EventDate "2006.04.29"]
[EventType "team"]
[EventRounds "11"]
[EventCountry "ENG"]
[SourceDate "2006.04.29"]
[WhiteTeam "S W Dragons 2"]
[BlackTeam "Slough Sharks 2"]

1. d4 Nf6 2. c4 c5 3. e3 g6 4. Nc3 Bg7 5. d5 d6 6. Bd3 O-O 7. Nge2 a6 8. a4 e6
9. e4 exd5 10. exd5 Nbd7 11. f4 Ng4 12. O-O Re8 13. h3 Ne3 14. Bxe3 Rxe3 15.
Qd2 Re7 16. f5 Re8 17. b3 Ne5 18. Bc2 Qh4 19. Rf4 Bh6 20. Rxh4 Bxd2 21. Ne4
Be3+ 22. Kf1 Rd8 23. N2g3 Bd4 24. Re1 Kg7 25. f6+ Kg8 26. a5 Nd7 27. Rf4 Be5
28. Rf3 b5 29. Bd3 Bb7 30. Nh1 Rab8 31. Nhf2 Bd4 32. Ng4 h5 33. Nh6+ Kf8 34.
Nxf7 Kxf7 35. Ng5+ Kf8 36. Ne6+ Kf7 37. Nxd8+ Rxd8 38. Re7+ Kf8 39. Rh7 bxc4
40. Rh8+ 1-0

[Event "4NCL/Div3/SWD2 vs. SLOS2"]
[Site "Birmingham ENG"]
[Date "2006.04.29"]
[Round "9.2"]
[White "Kahar, Krunal"]
[Black "Spice, Alan"]
[Result "1-0"]
[WhiteElo "2209"]
[BlackElo "2216"]
[PlyCount "109"]
[EventDate "2006.04.29"]
[EventType "team"]
[EventRounds "11"]
[EventCountry "ENG"]
[SourceDate "2006.04.29"]
[WhiteTeam "Slough Sharks 2"]
[BlackTeam "S W Dragons 2"]

1. Nf3 e6 2. b3 f5 3. Bb2 Nf6 4. g3 Be7 5. Bg2 O-O 6. O-O d6 7. d4 Qe8 8. Ne1
Bd8 9. Nd3 Nbd7 10. Nd2 e5 11. dxe5 dxe5 12. e4 fxe4 13. Nxe4 Nxe4 14. Bxe4 Nf6
15. Nxe5 Nxe4 16. Qd5+ Qe6 17. Qxe4 Bf6 18. f4 Bxe5 19. Qxe5 Qxe5 20. Bxe5 Bg4
21. c4 Rf7 22. Kg2 Rd8 23. Rf2 c5 24. Re1 Rfd7 25. h3 Bd1 26. f5 Rd2 27. f6
gxf6 28. Bxf6 Rxf2+ 29. Kxf2 Rd7 30. Bg5 Kf7 31. Be3 b6 32. Bf4 Bc2 33. Re2 Bd3
34. Rd2 Ke6 35. g4 Bb1 36. Re2+ Kf7 37. Kg3 Rd3+ 38. Kh4 Rd7 39. Kg5 Rd1 40.
Bb8 Rd7 41. h4 Kg7 42. Be5+ Kf7 43. h5 Bd3 44. Rf2+ Kg8 45. Kh6 Re7 46. Bf6 Re2
47. Rf3 Be4 48. Rf4 Bb1 49. g5 Bxa2 50. g6 hxg6 51. hxg6 Rh2+ 52. Bh4 Rg2 53.
Re4 Kf8 54. Be7+ Kg8 55. Bd6 1-0

[Event "4NCL/Div3/SWD2 vs. SLOS2"]
[Site "Birmingham ENG"]
[Date "2006.04.29"]
[Round "9.3"]
[White "Kett, Timothy"]
[Black "Williams, Samuel G"]
[Result "0-1"]
[WhiteElo "2195"]
[BlackElo "2227"]
[PlyCount "96"]
[EventDate "2006.04.29"]
[EventType "team"]
[EventRounds "11"]
[EventCountry "ENG"]
[SourceDate "2006.04.29"]
[WhiteTeam "S W Dragons 2"]
[BlackTeam "Slough Sharks 2"]

1. e4 c5 2. Nf3 Nc6 3. Nc3 e5 4. Bc4 Be7 5. d3 Nf6 6. O-O O-O 7. Ne1 d6 8. f4
Bg4 9. Nf3 Nd4 10. Be3 Nxf3+ 11. gxf3 Bh3 12. Rf2 exf4 13. Bxf4 Nh5 14. Bg3 Bf6
15. Ne2 Bxb2 16. Rb1 Bf6 17. Rxb7 Rb8 18. Rxb8 Qxb8 19. Kh1 Qb6 20. Ng1 Bd7 21.
Kg2 Rb8 22. Ne2 Qc7 23. Nf4 Nxf4+ 24. Bxf4 Rb6 25. Qc1 h6 26. c3 Qb8 27. Rf1
Rb2+ 28. Kh1 Rb6 29. Rg1 Kf8 30. Bb3 a5 31. Bd5 Ke7 32. Qa3 a4 33. e5 dxe5 34.
Qxc5+ Ke8 35. Bg3 Rb1 36. Qc4 Rxg1+ 37. Kxg1 Qb1+ 38. Kg2 Qc2+ 39. Kg1 Bh3 40.
f4 Qc1+ 41. Kf2 Qf1+ 42. Ke3 exf4+ 43. Bxf4 Qe1+ 44. Kf3 g5 45. Qc6+ Kf8 46.
Bd6+ Kg7 47. Qc5 g4+ 48. Kf4 Bg5+ 0-1

[Event "4NCL/Div3/SWD2 vs. SLOS2"]
[Site "Birmingham ENG"]
[Date "2006.04.29"]
[Round "9.4"]
[White "Marlow, Michael W"]
[Black "Powell, Lloyd"]
[Result "1/2-1/2"]
[WhiteElo "2275"]
[BlackElo "2184"]
[PlyCount "33"]
[EventDate "2006.04.29"]
[EventType "team"]
[EventRounds "11"]
[EventCountry "ENG"]
[SourceDate "2006.04.29"]
[WhiteTeam "Slough Sharks 2"]
[BlackTeam "S W Dragons 2"]

1. e4 c5 2. Nf3 d6 3. d4 cxd4 4. Nxd4 Nf6 5. Nc3 a6 6. Bc4 e6 7. Bb3 b5 8. O-O
Be7 9. a3 O-O 10. Kh1 Re8 11. f4 Bb7 12. Qe2 Qc7 13. f5 e5 14. Nf3 Nbd7 15. Bg5
h6 16. Bh4 Rac8 17. Rfd1 1/2-1/2

[Event "4NCL/Div3/SWD2 vs. SLOS2"]
[Site "Birmingham ENG"]
[Date "2006.04.29"]
[Round "9.5"]
[White "Rees, Gwynfor"]
[Black "Szczerbak, Jaroslaw"]
[Result "1-0"]
[WhiteElo "2101"]
[BlackElo "2137"]
[PlyCount "91"]
[EventDate "2006.04.29"]
[EventType "team"]
[EventRounds "11"]
[EventCountry "ENG"]
[SourceDate "2006.04.29"]
[WhiteTeam "S W Dragons 2"]
[BlackTeam "Slough Sharks 2"]

1. d4 c6 2. Nf3 d5 3. g3 Nf6 4. Bg2 h6 5. O-O Bf5 6. c4 e6 7. Nc3 Nbd7 8. b3
Ne4 9. Bb2 Qa5 10. Nxe4 Bxe4 11. Nd2 Bxg2 12. Kxg2 Bb4 13. Nf3 O-O 14. a3 Be7
15. Qc2 Rac8 16. b4 Qd8 17. e4 b5 18. exd5 exd5 19. c5 f5 20. a4 a6 21. axb5
axb5 22. Ra7 Rc7 23. Rfa1 Qb8 24. R7a6 Qc8 25. Bc1 g5 26. Ra8 Nb8 27. h4 g4 28.
Ne5 Kg7 29. Bf4 Rb7 30. Re1 Bf6 31. Qd2 Rh8 32. Rea1 Qe6 33. Re1 Qc8 34. Qe3
Re7 35. Qd2 Qb7 36. Rea1 Qc8 37. Rxb8 Qxb8 38. Nxc6 Qb7 39. Nxe7 Qxe7 40. Re1
Qd7 41. Qe3 Kg6 42. Be5 Re8 43. Qf4 Bg7 44. Re3 Bf8 45. Ra3 Qb7 46. h5+ 1-0

[Event "4NCL/Div3/SWD2 vs. SLOS2"]
[Site "Birmingham ENG"]
[Date "2006.04.29"]
[Round "9.6"]
[White "McCarthy, Kevin"]
[Black "Brown, Alan M"]
[Result "1/2-1/2"]
[WhiteElo "2060"]
[BlackElo "2121"]
[PlyCount "53"]
[EventDate "2006.04.29"]
[EventType "team"]
[EventRounds "11"]
[EventCountry "ENG"]
[SourceDate "2006.04.29"]
[WhiteTeam "Slough Sharks 2"]
[BlackTeam "S W Dragons 2"]

1. d4 Nf6 2. Nc3 d5 3. e4 dxe4 4. f3 e3 5. Bxe3 e6 6. Bd3 Nd5 7. Nxd5 exd5 8.
Ne2 Bd6 9. Qd2 Nc6 10. c3 Ne7 11. O-O-O Bf5 12. g4 Bxd3 13. Qxd3 Qd7 14. Nf4
Bxf4 15. Bxf4 O-O-O 16. h3 Rde8 17. Rde1 h5 18. Bg3 hxg4 19. fxg4 Rh6 20. Bf4
Re6 21. Rxe6 Qxe6 22. Qg3 Qd7 23. Re1 Rh8 24. h4 Ng6 25. h5 Nxf4 26. Qxf4 f6
27. Kd2 1/2-1/2

[Event "4NCL/Div3/SWD2 vs. SLOS2"]
[Site "Birmingham ENG"]
[Date "2006.04.29"]
[Round "9.7"]
[White "Burton, Graham P"]
[Black "Kafka, Graeme"]
[Result "1/2-1/2"]
[WhiteElo "2130"]
[BlackElo "2131"]
[PlyCount "50"]
[EventDate "2006.04.29"]
[EventType "team"]
[EventRounds "11"]
[EventCountry "ENG"]
[SourceDate "2006.04.29"]
[WhiteTeam "S W Dragons 2"]
[BlackTeam "Slough Sharks 2"]

1. e4 c5 2. Nf3 d6 3. d4 cxd4 4. Nxd4 Nf6 5. Nc3 g6 6. Be3 Bg7 7. f3 Nc6 8. Bc4
Bd7 9. Qe2 Rc8 10. O-O-O O-O 11. Nxc6 Rxc6 12. Bd4 Qa5 13. Nd5 Nxd5 14. exd5
Rxc4 15. Qxc4 Rc8 16. Qb3 Bf5 17. Bxg7 Bxc2 18. Qxc2 Rxc2+ 19. Kxc2 Kxg7 20.
Kb1 Qc5 21. Rd2 Qe3 22. Rhd1 g5 23. Rd3 Qf2 24. R3d2 Qe3 25. Rd3 Qf2 1/2-1/2

[Event "4NCL/Div3/SWD2 vs. SLOS2"]
[Site "Birmingham ENG"]
[Date "2006.04.29"]
[Round "9.8"]
[White "Domany, Zsofia"]
[Black "Blackburn, Suzie"]
[Result "1/2-1/2"]
[WhiteElo "2184"]
[BlackElo "1779"]
[PlyCount "72"]
[EventDate "2006.04.29"]
[EventType "team"]
[EventRounds "11"]
[EventCountry "ENG"]
[SourceDate "2006.04.29"]
[WhiteTeam "Slough Sharks 2"]
[BlackTeam "S W Dragons 2"]

1. e4 e6 2. d4 d5 3. Nc3 Nf6 4. e5 Nfd7 5. f4 c5 6. Nf3 Nc6 7. dxc5 Bxc5 8. Bd3
f6 9. Nh4 g6 10. Qg4 f5 11. Qh3 Kf7 12. g4 Nd4 13. Rf1 Be7 14. Ng2 Nc5 15. gxf5
Nxd3+ 16. Qxd3 Nxf5 17. Ne2 Bd7 18. Bd2 Qb6 19. Qb3 Qxb3 20. axb3 Rhc8 21. c3
Bb5 22. Ne3 Nxe3 23. Bxe3 Bc5 24. Bxc5 Rxc5 25. Rf3 Bxe2 26. Kxe2 a6 27. Kd3
Rf8 28. Kd4 Rc7 29. Raf1 Kg7 30. R1f2 Rf5 31. Rg2 Rcf7 32. Ke3 Kf8 33. Rg1 Ke7
34. Rg2 Kd7 35. Rg1 Kc6 36. Rg2 Kc5 1/2-1/2

[Event "4NCL/Div3/FCA1 vs. MIN"]
[Site "Birmingham ENG"]
[Date "2006.04.29"]
[Round "9.1"]
[White "Hetey, Laszlo"]
[Black "McFarland, Robert S"]
[Result "1-0"]
[WhiteElo "2330"]
[BlackElo "2257"]
[PlyCount "123"]
[EventDate "2006.04.29"]
[EventType "team"]
[EventRounds "11"]
[EventCountry "ENG"]
[SourceDate "2006.04.29"]
[WhiteTeam "FCA Solutions 1"]
[BlackTeam "Mindsportsltd"]

1. d4 g6 2. c4 Bg7 3. e4 d6 4. Nf3 Nf6 5. Nc3 O-O 6. Be2 e5 7. d5 a5 8. Bg5 h6
9. Bh4 Na6 10. O-O Qe8 11. Nd2 Bd7 12. Kh1 Nh7 13. a3 h5 14. f3 Bh6 15. b3 Be3
16. Rb1 Nc5 17. b4 axb4 18. axb4 Na4 19. Nxa4 Bxa4 20. Nb3 Bd4 21. Qd3 Bxb3 22.
Rxb3 g5 23. Be1 f6 24. Bd2 Ra2 25. Bd1 Qg6 26. Ra3 Ra8 27. Rxa8+ Rxa8 28. Bb3
Kg7 29. Rc1 Ra1 30. Rxa1 Bxa1 31. c5 Qe8 32. Be3 Nf8 33. Qc4 Qd8 34. h3 Ng6 35.
Ba4 Ne7 36. Kh2 Nc8 37. Bb5 b6 38. Bc6 dxc5 39. bxc5 bxc5 40. Bxc5 Nd6 41. Qa4
Bc3 42. Bd7 Nb7 43. Ba3 Bd4 44. Qc6 Bc5 45. Bxc5 Nxc5 46. Bf5 Qe7 47. Qa8 h4
48. Qc8 Kf7 49. Bg4 Kg7 50. Be6 Nxe6 51. dxe6 f5 52. Qd7 Kf6 53. Qxe7+ Kxe7 54.
exf5 c5 55. Kg1 c4 56. Kf2 c3 57. Ke2 Kf6 58. Kd3 Kxf5 59. e7 Kf4 60. e8=Q Kg3
61. Qxe5+ Kxg2 62. Qxg5+ 1-0